| 000 | 00817nam a22001937a 4500 | ||
|---|---|---|---|
| 003 | OSt | ||
| 005 | 20250917162156.0 | ||
| 008 | 240325b ||||| |||| 00| 0 eng d | ||
| 040 | _c0 | ||
| 082 | _aDPer 621.381 In821 September 2022 v. 37 n. 9 | ||
| 100 |
_aKrneta, Nikola. _eauthor. _955355 |
||
| 245 |
_aDual-circuit-based test bench design for HVDC circuit breaker verification / _cNikola Krneta and Makoto Hagiwara. |
||
| 260 |
_aNew York ; _bThe Institute of Electrical and Electronics Engineers, Inc. , _cSeptember 2022. |
||
| 300 |
_aVolume 37, pages 10658-10671 : _billustration ; _c28 cm. |
||
| 500 | _aIEEE Transitions on Power Electronics, v. 37 n. 9, pages 10658-10671, September 2022. | ||
| 700 |
_aKrneta, Nikola. _eauthor. _955355 |
||
| 700 |
_aHagiwara, Makoto. _eauthor. _955356 |
||
| 942 |
_2ddc _cPER |
||
| 999 |
_c19844 _d19844 |
||